Código penal : (Registro nro. 19480)

Detalles MARC
000 -LEADER
fixed length control field 01335nam a2200337 a 4500
001 - CONTROL NUMBER
control field 0000020005
003 - CONTROL NUMBER IDENTIFIER
control field CO-CtgCURN
005 - DATE AND TIME OF LATEST TRANSACTION
control field 20260316205314.0
008 - FIXED-LENGTH DATA ELEMENTS--GENERAL INFORMATION
fixed length control field 160627s2005 000 0 eng d
020 ## - INTERNATIONAL STANDARD BOOK NUMBER
International Standard Book Number 9586907414
040 ## - CATALOGING SOURCE
Original cataloging agency CO-CtgCURN
Language of cataloging spa
Transcribing agency coctgcurn
082 0# - DEWEY DECIMAL CLASSIFICATION NUMBER
Classification number 345.861
Item number C718
100 1# - MAIN ENTRY--PERSONAL NAME
Personal name Arboleda Vallejo, Mario.
245 10 - TITLE STATEMENT
Title Código penal :
Remainder of title ley 599 de 2000 /
Statement of responsibility, etc. Mario Arboleda Vallejo.
250 ## - EDITION STATEMENT
Edition statement 23a ed.
260 ## - PUBLICATION, DISTRIBUTION, ETC.
Place of publication, distribution, etc. Bogotá :
Name of publisher, distributor, etc. Leyer,
Date of publication, distribution, etc. 2005.
300 ## - PHYSICAL DESCRIPTION
Extent 490 p. +
Accompanying material 1 Cd - Rom.
336 ## - CONTENT TYPE
Source rdacontent
337 ## - MEDIA TYPE
Source rdamedia
Media type term sin mediacion
Media type code n
338 ## - CARRIER TYPE
Source rdacarrier
Carrier type term volumen
Carrier type code nc
490 1# - SERIES STATEMENT
Series statement Colección códigos brevis
500 ## - GENERAL NOTE
General note Incluye indice.
505 8# - FORMATTED CONTENTS NOTE
Formatted contents note De las normas rectora de la ley penal colombiana.--De la aplicacion de la ley penal.--Aplicacion de la ley penal en el espacio.--De la conducta punible.--De las consecuencias juridicas de la conducta punible
650 #0 - SUBJECT ADDED ENTRY--TOPICAL TERM
Topical term or geographic name entry element Personas desaparecidas
Form subdivision Legislacion
Geographic subdivision Colombia.
908 ## - PUT COMMAND PARAMETER (RLIN)
Put command parameter 160627
942 ## - ADDED ENTRY ELEMENTS (KOHA)
Koha item type Libros
Classification part 345.861
Item part C718
Source of classification or shelving scheme Dewey Decimal Classification
Existencias
Withdrawn status Lost status Source of classification or shelving scheme Damaged status Not for loan Collection Home library Current library Shelving location Date acquired Inventory number Total checkouts Full call number Barcode Date last seen Date last checked out Copy number Price effective from Koha item type Public note
    Dewey Decimal Classification     General Miguel Henríquez Castañeda Miguel Henríquez Castañeda General 03/31/2025 004328 4 345.861 C718 004328 10/10/2025 10/07/2025 ej.1 03/31/2025 Libros 340-DEREC
    Dewey Decimal Classification     General Miguel Henríquez Castañeda Miguel Henríquez Castañeda General 03/31/2025 004329 4 345.861 C718 004329 11/08/2025 10/07/2025 ej.2 03/31/2025 Libros 340-DEREC